00366nam a2200145Ia 4500008004100000020001500041041001200056082001100068100001700079245004500096260003900141300000800180650001500188700001700203221030s9999 xx 000 0 und d a8177581236 aEnglish a105.23 aI. H. Shames 0aengineering Mechanics Statics & Dynamics bPearson EdcuationaNew Delhic2008 a840 aMechanical aG. K. M. Rao